000 00347 a2200121 4500
001 ART_7620
005 20260410161637.0
008 260409a
245 1 0 _aOpinando sobre las opiniones del fisco
100 1 _aLorenzo, Armando
700 1 _aCavalli, César M.
773 0 _tConsultor tributario
_g- Nº 5 (jul. 2007)
_wREV474
999 _c12993
_d12993